000 01759ncm a2200289 a 4500
100 _aПипков, Любомир Панайотов
_d1904-1974
_eпърви автор
_9428881
999 _c351539
_d351539
003 BLK
005 20230802005159.0
008 200325b bu ||||| |||| 00| 0 bu d
040 _aBLK
041 _aBUL
_cBUL
080 _aКамерна вок. муз. Песни, балади, арии, романси
_b784.3
_z784.3
080 _aМузика за пиано
_b786.2
_x786.2
139 _aПипков, Любомир
_bП 52
245 _aИзбрани песни за глас и пиано
_cЛюбомир Пипков
260 _9209548
_aСофия
_bНаука и изкуство
_c1970
300 _a120 с.
_c31 см
380 _a7
500 _aСъдържа: Зимен сън ; Любовта на хамалина ; Воденичар ; Тракия ; Лека нощ ; Синеоката ; Унес ; На своята душа ; Романс на луната ; Малка балада за три реки ; Песен на поета, който не иска да се отчайва ; Дванадесета песен ; Конници ; Люлека ми замириса ; Трепетлика ; Морето и любовта ; Прощално ; Предсмъртно ; В далечината пуста ; Любимата ; Пред вагона ; Среща ; Горест ; Тежат ми венчалните думи
650 0 _9276897
_aВокална музика
653 7 _9193730
_aпиано
700 _91581
_aРадоев, Иван
_eтекст
852 _aЦб М II 5038
_bИП
942 _cNOT
_n0
_s1
944 _c2020-04-05
_k
_lCRON CRON
999 _d351539